|
|
|
|
| LEADER |
01672cas a2200241 a 4500 |
| 001 |
AALejournalIMF008114 |
| 008 |
230101c9999 xx r poo 0 0eng d |
| 020 |
|
|
|c 5.00 USD
|
| 020 |
|
|
|z 9781451847260
|
| 022 |
|
|
|a 1018-5941
|
| 040 |
|
|
|a BD-DhAAL
|c BD-DhAAL
|
| 100 |
1 |
|
|a Boughton, James.
|
| 245 |
1 |
0 |
|a Why White, Not Keynes? :
|b Inventing the Post-War International Monetary System /
|c James Boughton.
|
| 264 |
|
1 |
|a Washington, D.C. :
|b International Monetary Fund,
|c 2002.
|
| 300 |
|
|
|a 1 online resource (25 pages)
|
| 490 |
1 |
|
|a IMF Working Papers
|
| 500 |
|
|
|a <strong>Off-Campus Access:</strong> No User ID or Password Required
|
| 500 |
|
|
|a <strong>On-Campus Access:</strong> No User ID or Password Required
|
| 506 |
|
|
|a Electronic access restricted to authorized BRAC University faculty, staff and students
|
| 520 |
3 |
|
|a The international monetary system is largely the product of negotiations during World War II between U.S. and U.K. officials, led respectively by Harry Dexter White and John Maynard Keynes. The design of the system, especially the International Monetary Fund, reflects the U.S. plan much more than the British. That outcome resulted not only from the superior economic position of the United States but also from differences between White's and Keynes's views on key issues. Examination of White's economic papers shows that he was more multilateral than Keynes and placed a higher priority on monetary discipline.
|
| 538 |
|
|
|a Mode of access: Internet
|
| 830 |
|
0 |
|a IMF Working Papers; Working Paper ;
|v No. 2002/052
|
| 856 |
4 |
0 |
|z Full text available on IMF
|u http://elibrary.imf.org/view/journals/001/2002/052/001.2002.issue-052-en.xml
|z IMF e-Library
|